000 00710nam a22002177a 4500
003 UA-OsUOA
001 65429
007 ta
008 20091124b un ||||| |||| 00| 0 ukr d
100 _aКіндрацька Л.
090 _a657
_bК46
942 _cSA
040 _aUA-OsUOA
_bukr
_cUA-OsUOA
_dUA-OsUOA
245 _aБухгалтерська професія в Україні: реальність і перспективи
300 _aС.6-10
955 _a0
041 _aukr
080 _a657
773 0 _w65428
_tБухгалтерський облік і аудит
_dК.
_d2009
_g11
650 7 _a657 Бухгалтерія. Бухгалтерський облік. Рахівництво
_2UDC
999 _c352592
_d352592